000 00375nam a22001697a 4500
003 UA-OsUOA
001 4977
007 ta
008 20050721b un ||||| |||| 00| 0 ukr d
100 _aRosa
700 _aJames B.
942 _cBK
040 _aUA-OsUOA
_cUA-OsUOA
_dUA-OsUOA
245 _aComputerized Accounting with Peachtree.
_bEconomics
955 _a2
650 7 _2UDC
999 _c291139
_d291139